| 000 | 01053cam a2200337 a 4500 | ||
|---|---|---|---|
| 001 | 3354842 | ||
| 003 | OSt | ||
| 005 | 20140310181933.0 | ||
| 008 | 870730s1986 nyu j 000 1 eng | ||
| 010 | _a 86111386 | ||
| 020 | _a0517148102 | ||
| 040 |
_aDLC _cDLC _dDLC |
||
| 042 | _alcac | ||
| 050 | 0 | 0 |
_aPZ 7 _b.Al355 1995 |
| 082 | 0 | 0 |
_aCLA _bAl1e 1995 |
| 100 | 1 |
_aAlcott, Louisa May, _d1832-1888. _93068 |
|
| 245 | 1 | 0 |
_aEight cousins, or, The Aunt Hill / _cLouisa May Alcott |
| 260 |
_aNew York, N.Y. : _bGramercy books _cc1995 |
||
| 300 |
_a225 _c20 cm. |
||
| 500 | _aSequel: Rose in bloom. | ||
| 500 | _a"Yearling book." | ||
| 520 | _aOrphaned Rose Campbell finds it difficult to fit in when she goes to live with her six aunts and seven mischievous boy cousins. | ||
| 541 | _j1 | ||
| 562 | _e1 | ||
| 650 | 1 |
_aOrphans _xFiction. _93069 |
|
| 650 | 1 |
_aCousins _xFiction. _93070 |
|
| 650 | 1 |
_aFamily life _xFiction. _93071 |
|
| 740 | 4 | _aThe Aunt Hill. | |
| 906 |
_a7 _bcbc _corignew _d3 _encip _f19 _gy-gencatlg |
||
| 942 |
_2lcc _cBBK _kCLA |
||
| 999 |
_c7452 _d7452 |
||